| 000 -LEADER |
| fixed length control field |
01039cam a2200229 i 4500 |
| 001 - CONTROL NUMBER |
| control field |
18759358 |
| 003 - CONTROL NUMBER IDENTIFIER |
| control field |
GE_BSU |
| 005 - DATE AND TIME OF LATEST TRANSACTION |
| control field |
20221110163607.0 |
| 008 - FIXED-LENGTH DATA ELEMENTS--GENERAL INFORMATION |
| fixed length control field |
150825s2015 vtu b 001 0 eng |
| 020 ## - INTERNATIONAL STANDARD BOOK NUMBER |
| International Standard Book Number |
9781472473233x |
| 041 ## - LANGUAGE CODE |
| Language code of text/sound track or separate title |
eng |
| 080 ## - UNIVERSAL DECIMAL CLASSIFICATION NUMBER |
| Universal Decimal Classification number |
327 I-69 |
| 245 10 - TITLE STATEMENT |
| Title |
Interregionalism and the European Union : |
| Remainder of title |
a post-revisionist approach to Europe's place in a changing world / |
| Statement of responsibility, etc. |
edited by Mario Telò, Université libre de Bruxelles, Belgium and LUISS, Italy ; Louise Fawcett, University of Oxford, UK ; and Frederik Ponjaert, Université libre de Bruxelles, Belgium. |
| 264 #1 - PRODUCTION, PUBLICATION, DISTRIBUTION, MANUFACTURE, AND COPYRIGHT NOTICE |
| Place of production, publication, distribution, manufacture |
Burlington, VT : |
| Name of producer, publisher, distributor, manufacturer |
Ashgate Publishing Company, |
| Date of production, publication, distribution, manufacture, or copyright notice |
2015. |
| 300 ## - PHYSICAL DESCRIPTION |
| Extent |
xxx, 455 pages ; |
| Dimensions |
24 cm. |
| 653 ## - INDEX TERM--UNCONTROLLED |
| keyword |
ინტერრეგიონალიზმი და ევროკავშირი |
| 653 ## - INDEX TERM--UNCONTROLLED |
| keyword |
პოლიტიკა |
| 653 ## - INDEX TERM--UNCONTROLLED |
| keyword |
Политика |
| 700 1# - ADDED ENTRY--PERSONAL NAME |
| Personal name |
Fawcett, Louise L'Estrange, |
| Relator term |
რედაქტორი |
| 9 (RLIN) |
10858 |
| 700 1# - ADDED ENTRY--PERSONAL NAME |
| Personal name |
Ponjaert, Frederik, |
| Relator term |
რედაქტორი |
| 9 (RLIN) |
10859 |
| 942 ## - ADDED ENTRY ELEMENTS (KOHA) |
| Source of classification or shelving scheme |
|
| Koha item type |
წიგნი |